Match the City to its Country - Click Map - Statistics

General Stats
  • This quiz has been taken 31 times
  • The average score is 65 of 146
Answers on the Map
Answers color-coded by a green-red scale on the quiz's map according to % correct below.
 
Answer Stats
Answer % Correct
Alexandria
60%
Auckland
60%
Brisbane
60%
Cape Town
60%
Novosibirsk
60%
Panama City
60%
Ulanbaatar
60%
Wrocław
60%
Guatemala City
56%
Kuala Lumpur
56%
La Paz
56%
Maputo
56%
Mogadishu
56%
Porto
56%
Tallinn
56%
The Hague
56%
Vientiane
56%
Abou Dhabi
52%
Almaty
52%
Babylon (ancient city)
52%
Bangkok
52%
Busan
52%
Cusco
52%
Havana
52%
Ho Chi Minh City
52%
İzmir
52%
Kaboul
52%
Lahore
52%
Luanda
52%
Montevideo
52%
Nantes
52%
Nuuk
52%
Rosario
52%
Stuttgart
52%
Tampere
52%
Tegucigalpa
52%
Tunis
52%
Turin
52%
Valparaíso
52%
Windhoek
52%
Xi'an
52%
Yellowknife
52%
Asunción
48%
Bissau
48%
Budapest
48%
Chihuahua City
48%
Chișinău
48%
Dakar
48%
Dodoma
48%
Fortaleza
48%
Guayaquil
48%
Hafnarfjörður
48%
Juba
48%
Kampala
48%
Kaunas
48%
Khartoum
48%
Lagos
48%
Limerick
48%
Managua
48%
Medina
48%
Muscat
48%
Ouagadougou
48%
Paramaribo
48%
Port-au-Prince
48%
Pyongyang
48%
Reading
48%
Riga
48%
Sacramento
48%
Skopje
48%
Sofia
48%
Split
48%
Taipei
48%
Tashkent
48%
Timbuktu
48%
Tripoli
48%
Yerevan
48%
Accra
44%
Addis Ababa
44%
Amman
44%
Antananarivo
44%
Antwerp
44%
Barranquilla
44%
Bengaluru
44%
Chittagong
44%
Conakry
44%
Freetown
44%
Innsbruck
44%
Kathmandu
44%
Malabo
44%
Malmö
44%
Niamey
44%
Odesa
44%
Phnom Penh
44%
Quezon City
44%
Sanaa
44%
San Jose
44%
Tangier
44%
Tbilissi
44%
Abidjan
40%
Baku
40%
Belgrade
40%
Bishkek
40%
Bratislava
40%
Brno
40%
Caracas
40%
Corinth
40%
Georgetown
40%
Lilongwe
40%
Lomé
40%
Lusaka
40%
Maseru
40%
Monrovia
40%
N'Djamena
40%
Oran
40%
Porto-Novo
40%
Sapporo
40%
Tromsø
40%
Ashgabat
36%
Asmara
36%
Bandung
36%
Bangui
36%
Bujumbura
36%
Cluj-Napoca
36%
Colombo
36%
Durrës
36%
Gaborone
36%
Honiara
36%
Lausanne
36%
Lubumbashi
36%
Pinsk
36%
Valladolid
36%
Douala
32%
Ispahan
32%
Mombasa
32%
Mostar
32%
Yangon
32%
Bulawayo
28%
Homs
28%
Pointe-Noire
28%
Saint-Domingue
28%
Dushanbe
24%
Lae
24%
Nouadhibou
24%
Gitarama
20%
Port-Gentil
20%
Paro
12%
No matching quizzes found
Score Distribution
Percent of People with Each Score
Percentile by Number Answered
Your Score History
You have not taken this quiz